000 02316nam0a22003491 4500
001 rc\1986006
005 20260304101105.0
035 _a(NLR Aleph) 005288420
090 _a6166231
_c6166231
100 _a20260308 rusy50
101 0 _arus
102 _aRU
105 _aa z |||a|
200 1 _aРассказы о Севастопольской обороне
_eИзвлеч. из рассказов гр. Л.Н. Толстого "Севастополь в декабре 1854 г., в мае 1855 г. и в августе 1855 г.", с доп. извлеч. из соч. А. Погосского "Оборона Севастополя" и Заиончковского "Оборона Севастополя" и "Синопский бой" В. Андреевской
_eС рис., грав. на дереве
205 _a6-е изд. Перепеч. без изм. с 5-го изд. ...
210 _aСанкт-Петербург
_cН.С. Аскарханов
_d1914
215 _a128 с.
_cил.
_d17
225 1 _aМаленькая хрестоматия
_vВып. 39
316 _aЭкз РНБ (37.70.4.53) утрачен
_5NLR: 37.70.4.53
488 0 _12001#$aСевастополь в декабре 1854 г.$aСевастополь в мае 1855 г.$aСевастополь в августе 1855 г.
_1700#1$3RU\NLR\AUTH\771515$7ca$aТолстой$bЛ. Н.$f1828-1910$gЛев Николаевич
488 0 _12001#$aОборона Севастополя
_1700#1$3RU\NLR\AUTH\7736406$7ca$aПогосский$bА. Ф.$f1816-1874$gАлександр Фомич
488 0 _12001#$aОборона Севастополя
_1700#1$3RU\NLR\AUTH\77113141$7ca$aЗайончковский$bА. М.$f1862-1926$gАндрей Медардович
488 0 _12001#$aСинопский бой$vСоч. В. Андреевской
_1700#1$3RU\NLR\AUTH\77113142$7ca$aАндреевская$bВ. П.$f1848-ок.1915$gВарвара Павловна
700 1 _aТолстой
_bЛ. Н.
_f1828-1910
_gЛев Николаевич
_3RU\NLR\AUTH\771515
_7ca
801 0 _aRU
_bNLR
_c20080623
_gpsbo
801 1 _aRU
_bProSoft-M
_c20080623
_2rusmarc
801 2 _aRU
_bNLR
_c20120306
_2rusmarc
852 _aNLR
_jЛ30 Б-1/69
852 _aNLR
_j37.70.4.53
942 _cUNSPEC
980 _aNB